000 00915nam a2200265Ia 4500
003 OSt
005 20221005111247.0
006 a|||||r|||| 00| 0
007 ta
008 221004b |||||||| |||| 00| 0 hin d
020 _a9788181436764 (hbk)
_c500
024 _a11869
037 _b342, 20/03/2014, Vani Prakashan
_cTextual
040 _aCRL
_cCRL
_bhin
041 _2hin
_ahin
082 _aO152,6N52x, P8;Q2
100 _aउदय प्रकाश
245 0 _aनई सदी का पंचतंत्र
246 _aNaī sadī kā panchatantra
260 _aनई दिल्ली
_bवाणी प्रकाशन भारत
_c2012
300 _a403पृ0
_ccm.
650 _aहिन्दी साहित्य
942 _hO152,6N52x, P8;Q2
_cTEXL
_2cc
999 _c1021292
_d1021292